Eternal Quest/ (Record no. 188450)

MARC details
000 -LEADER
fixed length control field 00511nam a22001817a 4500
005 - DATE AND TIME OF LATEST TRANSACTION
control field 20220523155346.0
010 ## - LCCN (DPL NO)
LC control number ENG-132782
020 ## - INTERNATIONAL STANDARD BOOK NUMBER
International Standard Book Number 978-81-88699-28-5
Terms of availability 150.00
035 ## - SYSTEM CONTROL NUMBER
System control number EN-116314
037 ## - SOURCE OF ACQUISITION
Source of stock number/acquisition DBAD/PUB
082 ## - DEWEY DECIMAL CLASSIFICATION NUMBER
Classification number 881
100 ## - MAIN ENTRY--PERSONAL NAME
Personal name Peeran, S.L.
245 ## - TITLE STATEMENT
Title Eternal Quest/
Statement of responsibility, etc S.L.Peeran
260 ## - PUBLICATION, DISTRIBUTION, ETC. (IMPRINT)
Place of publication, distribution, etc Bangalore
Name of publisher, distributor, etc Bizz Buzz
Date of publication, distribution, etc 2014
270 ## - ADDRESS
Address # 2, 1st cross, Kalidas Layour, Srinagar
City Bangalore
Postal code 560050
300 ## - PHYSICAL DESCRIPTION
Extent xvii,110p.
Dimensions 21cm(pbk)
942 ## - ADDED ENTRY ELEMENTS (KOHA)
Source of classification or shelving scheme Dewey Decimal Classification
Item type English Books
Classification part 881
Call number suffix PEE
Holdings
Withdrawn status Lost status Not for loan Collection code Home library Current library Date acquired Source of acquisition Cost, normal purchase price Full call number Barcode Copy number Cost, replacement price Koha item type
      Non-fiction Bawana Bawana 23/05/2022 DBAD/PUB 150.00 881 PEE EN-116314 1 150.00 English Books

© Delhi Public Library
Hit Counter
free hit counter